Why loyalty matters : the groundbreaking approach to rediscovering happines, meaning and lasting fulfillment in your life work /

Bibliographic Details
Main Author: Keiningham, Timothy
Other Authors: Aksoy, Williams
Format: Book
Published: Dallas, TX: Benbella Books, 2009.
Subjects:
LEADER 00728cam a2200205 7i4500
001 0000024603
005 20151104090000.0
005 ##20151104130500.0
003 ##MY-KlINT
020 # # |a 9781933771724  
039 # 9 |y 201511041305  |z VLOAD 
090 0 0 |a E 179   |b KEI 
100 1 # |a Keiningham, Timothy 
245 1 0 |a Why loyalty matters :   |b the groundbreaking approach to rediscovering happines, meaning and lasting fulfillment in your life work /   |c Timothy Keiningham and Lerzan Aksoy; with Luke Williams. 
260 # # |a Dallas, TX:   |b Benbella Books,   |c 2009. 
300 # # |a xvi, 246p:   |b ill;   |c 24cm. 
504 # # |a Includes bibliographical references (p. 227) and index 
650 # 0 |a Loyalty  
700 0 # |a Aksoy,   |h Lerzan  
700 0 # |a Williams,   |h Luke